000 00309nam a22001337a 4500
008 170327b xxu||||| |||| 00| 0 eng d
020 _a9781418030995
041 _aeng
080 _23 ED
_aSHM
100 _a8
101 _aSHM
245 _aHEALTH ASESSMENT PHYSICAL EXAMINATION
_cELLEN.M
942 _2udc
_cBK
999 _c8678
_d8678